| 000 | 00417nam a22001817a 4500 | ||
|---|---|---|---|
| 003 | bpm | ||
| 005 | 20260414101255.0 | ||
| 008 | 260414b |||||||| |||| 00| j spa d | ||
| 024 | _aS. C. C. / M. C. y E. M.: | ||
| 040 | _aAR-CtUCP | ||
| 041 | _aspa | ||
| 080 | _aCDU | ||
| 100 | _aUNNE | ||
| 245 | _aLos creadores en la universidad del sol | ||
| 650 | _aLiteratura - cuento | ||
| 942 | _cLIB | ||
| 999 |
_c76631 _d76631 |
||